00589cam a22002291a 4500001001300000003000400013005001700017008004100034010001700075025002000092035002000112040001700132042001200149050001800161100001900179245005100198250001900249260004100268300002000309500001300329999001700342sa 68013888 DLC20260227112627.0950323s1965 io 000 1 jav  asa 68013888  aPL480:Indo-4720 a(OCoLC)32192517 aDLCcWUdDLC apremarc00aPL5179.W5bJ31 aWidajat, Widi.10aJa bungah, ja susah /cgambar: Jono S. Wijono. aTjap-Tjapan 1. aJogjakarta :b"Puspa Rahaju,"c1965. a42 p. ;c14 cm. aFiction. c85424d85424